000 00368nam a2200145 i 4500
001 44481
003 ES-MaACL
005 20230906161035.0
007 t|
008 030321s1912 it ||||1| ita d
100 1 _aClemente, Filippo.
_939193
245 1 3 _aIl Coloseo /
_cFilippo Clemente.
260 _aRoma :
_bEnrico Voghera,
_c1912.
852 _aES-MaACL
_jT-1258-F-4
999 _c44481
_d44481